000 00623nam a2200289Ia 4500
005 20260401122425.0
008 008 250103s9999 xx 000 0 eng d
020 _a9780415426626
037 _aTB
040 _aEDL
040 _beng
040 _cEDL
041 _2eng
041 _aeng
084 _a809.38 GRO
084 _qEDL
100 _aGroot, Jerome de
_91233221
245 0 _aHistorical Novel
245 0 _cGroot, Jerome de
260 _aLondon
260 _bRoutledge
300 _a200p
942 _cTB
942 _h809.38 GRO
999 _c1847185
_d1847185